China : a bibliography 1963-1972 : (Record no. 134680)

MARC details
000 -LEADER
fixed length control field 00596nam a22002057a 4500
005 - DATE AND TIME OF LATEST TRANSACTION
control field 20170124110232.0
010 ## - LIBRARY OF CONGRESS CONTROL NUMBER
LC control number 731482
020 ## - INTERNATIONAL STANDARD BOOK NUMBER
Terms of availability 00.00
035 ## - SYSTEM CONTROL NUMBER
System control number 731482
037 ## - SOURCE OF ACQUISITION
Source of stock number/acquisition Cen Lib/Ret
040 ## - CATALOGING SOURCE
Original cataloging agency DPL
Language of cataloging EN
082 ## - DEWEY DECIMAL CLASSIFICATION NUMBER
Classification number 016.954
Item number CHI
245 ## - TITLE STATEMENT
Title China : a bibliography 1963-1972 :
Statement of responsibility, etc edited by Satyaprakash
Remainder of title an indian press index /
260 ## - PUBLICATION, DISTRIBUTION, ETC. (IMPRINT)
Place of publication, distribution, etc Gurgaon
Name of publisher, distributor, etc Indian Documentation Service
Date of publication, distribution, etc 1974
300 ## - PHYSICAL DESCRIPTION
Extent 156p.
Dimensions 21cm(Hb)
650 ## - SUBJECT ADDED ENTRY--TOPICAL TERM
Topical term or geographic name as entry element China -- Bibliography
9 (RLIN) 41389
650 ## - SUBJECT ADDED ENTRY--TOPICAL TERM
Topical term or geographic name as entry element China
9 (RLIN) 11515
700 ## - ADDED ENTRY--PERSONAL NAME
Personal name Satyaprakash
9 (RLIN) 2882
942 ## - ADDED ENTRY ELEMENTS (KOHA)
Source of classification or shelving scheme Dewey Decimal Classification
Koha item type English Books
Classification part 016.954
Call number suffix CHI
Holdings
Withdrawn status Lost status Damaged status Not for loan Collection code Home library Current library Date acquired Source of acquisition Cost, normal purchase price Total Checkouts Full call number Barcode Date last seen Copy number Cost, replacement price Price effective from Koha item type
      Not For Loan Reference Central Library Central Library 30/07/2015 Cen Lib/Ret 0.00   016.954 CHI 731482 30/07/2015 1 0.00 30/07/2015 English Books

© Delhi Public Library
Hit Counter
free hit counter